00479nam a22001577a 450000500170000001000150001702000260003203500130005803700130007108200110008410000200009524500690011526000420018427000730022630000220029920151127145454.0 aENG-114225 a9789350353868c395.00 aEN-97757 bDBAD/PUB a345.54 aLakshmanan, AR. aCriminal law :cby AR. Lakshmananbincluding contempt of court / aDelhibUniversal Law Publishingc2014 aC-FF-1A, Dilkhush Industrial Estate, G.T.Karnal Road,bDelhie110033 ax,183p.c24cm(Hb)